[Event "Ambelokipi op 175th"]
[Site "Athens"]
[Date "2020.02.05"]
[Round "4"]
[White "Synetos, Dionysios"]
[Black "Maratos, Antonios"]
[Result "1-0"]
[WhiteElo "1749"]
[BlackElo "1440"]
[PlyCount "59"]
[EventDate "2020.01.15"]
[EventType "swiss"]
[EventRounds "7"]
[EventCountry "GRE"]
[SourceTitle "EXT 2021"]
[Source "ChessBase"]
[SourceDate "2020.10.23"]
[SourceVersion "1"]
[SourceVersionDate "2020.10.23"]
[SourceQuality "1"]

1. d4 f5 2. Nc3 Nf6 3. Bg5 e6 4. e4 fxe4 5. Nxe4 Be7 6. Bxf6 Bxf6 7. Nf3 0-0 8. Bd3 b6 9. c3 Bb7 10. Qc2 g6 11. h4 d5 12. Nxf6+ Qxf6 13. Ne5 c5 14. h5 cxd4 15. cxd4 Rc8 16. Qe2 g5 17. Rd1 Re8 18. Rh3 Re7 19. Rf3 Qg7 20. Rc1 a5 21. Qd2 h6 22. Qe2 Ba6 23. Bxa6 Nxa6 24. Rfc3 Qf6 25. Rc8+ Re8 26. Rxe8+ Rxe8 27. Qxa6 Rf8 28. Qe2 Qf4 29. Qe3 Qh2 30. Ng4 1-0

[Event "Ambelokipi op 166th"]
[Site "Athens"]
[Date "2017.11.01"]
[Round "1"]
[White "Maratos, Antonios"]
[Black "Rahmanidis, Petros"]
[Result "0-1"]
[WhiteElo "1476"]
[BlackElo "1986"]
[PlyCount "80"]
[EventDate "2017.11.01"]
[EventType "swiss"]
[EventRounds "7"]
[EventCountry "GRE"]
[SourceTitle "EXT 2024"]
[Source "ChessBase"]
[SourceDate "2023.10.10"]
[SourceVersion "1"]
[SourceVersionDate "2023.10.10"]
[SourceQuality "1"]

1. e4 c5 2. Nf3 d6 3. d4 cxd4 4. Nxd4 Nf6 5. f3 e6 6. c4 Be7 7. Be3 b6 8. Nc3 0-0 9. Bd3 Bb7 10. 0-0 Nbd7 11. Qd2 Rc8 12. b3 a6 13. Rac1 Qc7 14. Rfd1 Kh8 15. Qf2 Rg8 16. h4 Ne5 17. Bf1 Nfd7 18. g4 h5 19. g5 Qb8 20. Bh3 Nc5 21. Qe2 g6 22. f4 Ng4 23. Bxg4 hxg4 24. Qxg4 Nxe4 25. h5 Nxc3 26. hxg6 Rxg6 27. Rxc3 Rcg8 28. Rd2 Rh6 29. Nf3 f6 30. Rh2 Rxh2 31. Nxh2 fxg5 32. Qh5+ Kg7 33. fxg5 Qf8 34. Bd4+ e5 35. Qh6+ Kf7 36. Qh5+ Ke6 37. Qg4+ Qf5 38. Qxf5+ Kxf5 39. Bxb6 Rxg5+ 40. Kf2 Rg2+ 0-1

[Event "Ambelokipi op 113th"]
[Site "Athens"]
[Date "2011.05.14"]
[Round "3"]
[White "Papapetropoulos, Periklis"]
[Black "Maratos, Antonios"]
[Result "1-0"]
[WhiteElo "1997"]
[BlackElo "1730"]
[PlyCount "57"]
[EventDate "2011.05.07"]
[EventType "swiss"]
[EventRounds "7"]
[EventCountry "GRE"]
[SourceTitle "EXT 2024"]
[Source "ChessBase"]
[SourceDate "2023.10.10"]
[SourceVersion "1"]
[SourceVersionDate "2023.10.10"]
[SourceQuality "1"]

1. Nf3 Nf6 2. g3 g6 3. Bg2 Bg7 4. 0-0 0-0 5. d4 d6 6. b3 c5 7. Bb2 cxd4 8. Nxd4 Ng4 9. e3 Qb6 10. Na3 Nc6 11. Nc4 Qa6 12. Nxc6 bxc6 13. Bxg7 Kxg7 14. Qd4+ Nf6 15. e4 Be6 16. e5 dxe5 17. Nxe5 Rfd8 18. Qc5 Nd7 19. Qxc6 Qc8 20. Qxa8 Qxa8 21. Bxa8 Nxe5 22. Be4 f5 23. Bg2 g5 24. Rad1 Rc8 25. c4 f4 26. Rfe1 Kf6 27. Rxe5 Kxe5 28. Re1+ Kf6 29. Rxe6+ 1-0

[Event "Ambelokipi op 84th"]
[Site "Athens"]
[Date "2008.01.19"]
[Round "3"]
[White "Sideris, Theodoros"]
[Black "Maratos, Antonios"]
[Result "1-0"]
[WhiteElo "2032"]
[BlackElo "1743"]
[PlyCount "89"]
[EventDate "2008.01.12"]
[EventType "swiss"]
[EventRounds "7"]
[EventCountry "GRE"]
[SourceTitle "EXT 2010"]
[Source "ChessBase"]
[SourceDate "2010.11.25"]
[SourceVersion "1"]
[SourceVersionDate "2010.11.25"]
[SourceQuality "1"]

1. e4 Nf6 2. e5 Nd5 3. Nc3 Nxc3 4. dxc3 d5 5. Nf3 Bg4 6. c4 Bxf3 7. Qxf3 e6 8. Qb3 b6 9. Be2 c6 10. 0-0 dxc4 11. Qxc4 Qd5 12. Qf4 Nd7 13. Bf3 Qxe5 14. Bxc6 Qxf4 15. Bxf4 0-0-0 16. a4 Nb8 17. Bf3 Bd6 18. Be3 Rd7 19. a5 b5 20. a6 Rc7 21. Rfd1 Rd8 22. Bb7+ Kd7 23. Bxa7 Rxb7 24. axb7 Kc7 25. Bxb8+ Rxb8 26. Rd3 Rxb7 27. Rad1 Rb6 28. g3 Rc6 29. c3 Kd7 30. Ra1 Ke7 31. Ra7+ Rc7 32. Rxc7+ Bxc7 33. Kf1 Bd6 34. Ke2 Kd7 35. Rd1 Kc7 36. Kd3 Kc6 37. b4 Bc7 38. c4 Bd6 39. Kc3 Be5+ 40. Kb3 bxc4+ 41. Kxc4 Kc7 42. Kb5 Bd6 43. Rxd6 Kxd6 44. Kb6 e5 45. b5 1-0

[Event "Ambelokipi op 81st"]
[Site "Athens"]
[Date "2007.10.06"]
[Round "1"]
[White "Sandalakis, Angelos"]
[Black "Maratos, Antonios"]
[Result "1-0"]
[WhiteElo "2355"]
[BlackElo "1743"]
[PlyCount "119"]
[EventDate "2007.10.06"]
[EventType "swiss"]
[EventRounds "6"]
[EventCountry "GRE"]
[SourceTitle "EXT 2008"]
[Source "ChessBase"]
[SourceDate "2007.11.25"]
[SourceVersion "1"]
[SourceVersionDate "2007.11.25"]
[SourceQuality "1"]

1. e4 Nf6 2. e5 Nd5 3. d4 d6 4. Nf3 Bg4 5. exd6 exd6 6. Be2 Be7 7. 0-0 Nc6 8. c3 0-0 9. Bc4 Nf6 10. Nbd2 Qd7 11. Re1 Rae8 12. Bd3 Bf5 13. Nf1 Bxd3 14. Qxd3 Bd8 15. Bd2 Rxe1 16. Rxe1 Re8 17. Qb5 Rxe1 18. Bxe1 Qc8 19. Ne3 a6 20. Qb3 b5 21. a4 Na5 22. Qd1 Qd7 23. b4 Nb7 24. axb5 axb5 25. d5 c5 26. dxc6 Qxc6 27. Nd4 Qa6 28. Qe2 d5 29. Qxb5 Qxb5 30. Nxb5 Bb6 31. Nf5 Kf8 32. Bd2 g6 33. Be3 Bd8 34. Nfd4 Ne4 35. f3 Ned6 36. Nxd6 Nxd6 37. Nc6 Ke8 38. Nxd8 Kxd8 39. Kf2 Kd7 40. Ke2 Kc6 41. Kd3 Nc4 42. Bf4 f5 43. Kd4 Na3 44. Bd2 Nc4 45. Bc1 Nd6 46. Ke5 Nb5 47. Bb2 Nd6 48. Ke6 Nc4 49. Bc1 Nb6 50. Be3 Nc4 51. Bc1 Nb6 52. h4 Na4 53. Bd2 Nb6 54. Kf6 Kd7 55. Kg7 Ke6 56. Kxh7 Kf7 57. Be3 Nc4 58. Bd4 Nd6 59. Kh6 Nb5 60. Kg5 1-0

[Event "Ambelokipi op 79th"]
[Site "Athens"]
[Date "2007.06.23"]
[Round "3"]
[White "Maratos, Antonios"]
[Black "Mitsakos, Achilles"]
[Result "1/2-1/2"]
[WhiteElo "1766"]
[BlackElo "1873"]
[PlyCount "48"]
[EventDate "2007.06.18"]
[EventType "swiss"]
[EventRounds "7"]
[EventCountry "GRE"]
[SourceTitle "EXT 2008"]
[Source "ChessBase"]
[SourceDate "2007.11.25"]
[SourceVersion "1"]
[SourceVersionDate "2007.11.25"]
[SourceQuality "1"]

1. e4 e5 2. Nf3 Nc6 3. d4 exd4 4. Nxd4 Bc5 5. Nxc6 Qf6 6. Qd2 bxc6 7. Bd3 Nh6 8. 0-0 Ng4 9. Qf4 d6 10. Qxf6 Nxf6 11. Nc3 a5 12. Nd1 Ng4 13. b3 Ne5 14. Be2 f5 15. exf5 Bxf5 16. c3 0-0 17. Be3 Ba3 18. Bc1 Bxc1 19. Rxc1 Bd3 20. Bxd3 Nxd3 21. Rc2 Rae8 22. Ne3 a4 23. b4 d5 24. Rd2 Ne5 1/2-1/2

[Event "Ambelokipi op 79th"]
[Site "Athens"]
[Date "2007.06.19"]
[Round "1"]
[White "Fanourgakis, Konstantinos"]
[Black "Maratos, Antonios"]
[Result "1/2-1/2"]
[WhiteElo "1889"]
[BlackElo "1766"]
[PlyCount "41"]
[EventDate "2007.06.18"]
[EventType "swiss"]
[EventRounds "7"]
[EventCountry "GRE"]
[SourceTitle "EXT 2008"]
[Source "ChessBase"]
[SourceDate "2007.11.25"]
[SourceVersion "1"]
[SourceVersionDate "2007.11.25"]
[SourceQuality "1"]

1. e4 Nf6 2. Nc3 d5 3. e5 Ne4 4. d4 Nxc3 5. bxc3 c5 6. Bd2 Nc6 7. Nf3 Bg4 8. Bb5 e6 9. h3 Bh5 10. 0-0 Be7 11. Rb1 Qc7 12. Rb2 c4 13. Bxc6+ Qxc6 14. g4 Bg6 15. Bg5 Ba3 16. Rb1 h6 17. Be3 0-0-0 18. Bc1 Qa4 19. Ne1 Be7 20. Rb2 Ba3 21. Rb1 1/2-1/2

[Event "Ambelokipi op 65th"]
[Site "Athens"]
[Date "2005.10.05"]
[Round "6"]
[White "Koukoufikis, Ioannis"]
[Black "Maratos, Antonios"]
[Result "1/2-1/2"]
[WhiteElo "2043"]
[BlackElo "1796"]
[PlyCount "87"]
[EventDate "2005.09.17"]
[EventType "swiss"]
[EventRounds "7"]
[EventCountry "GRE"]
[SourceTitle "EXT 2007"]
[Source "ChessBase"]
[SourceDate "2006.11.23"]
[SourceVersion "1"]
[SourceVersionDate "2006.11.23"]
[SourceQuality "1"]

1. e4 Nf6 2. e5 Nd5 3. d4 d6 4. Nf3 Bg4 5. h3 Bxf3 6. Qxf3 dxe5 7. Bc4 e6 8. dxe5 Be7 9. 0-0 0-0 10. Rd1 c6 11. Bd3 Qc7 12. Qg3 Nd7 13. c4 Nb4 14. Bf4 Nc5 15. Bh6 g6 16. Bxf8 Bxf8 17. Nc3 Nbxd3 18. Rxd3 Nxd3 19. Qxd3 Qxe5 20. Qd7 Rb8 21. Rd1 Bg7 22. g3 Bf6 23. Kf1 Qf5 24. Kg2 Bxc3 25. bxc3 Qe4+ 26. Kg1 Qxc4 27. Qc7 Rf8 28. Qxb7 a5 29. Qb3 Qxb3 30. axb3 Rb8 31. Rd6 Rxb3 32. Rxc6 a4 33. Ra6 a3 34. c4 Rc3 35. c5 Rxc5 36. Rxa3 Rc7 37. Kg2 h5 38. Re3 Kg7 39. Kf3 Rc5 40. g4 hxg4+ 41. hxg4 Kf6 42. Kg3 g5 43. Rf3+ Kg6 44. Re3 1/2-1/2